Top 20 Year 11 Churchlands Body Boarders - Statistics

General Stats
  • This quiz has been taken 52 times
    44 since last reset
  • The average score is 10 of 20
Answer Stats
Hint Answer % Correct
1 George Dimitrios (Damien King) Cokis
100%
6 Adam Bartlett
63%
3 Daniel (Bomber) Borgogno
63%
8 Kyle (Kurt Cobain) Hillenbrand
63%
9 Ross Stewart
63%
19 Brandon (Esteban/Patrice/Murphs) Murphy
50%
10 Gerard Cahill
50%
17 Matthew Leak
50%
4 Richard (Dicky) Ballam
50%
12 Saad Ur (Patrick) Rehman
50%
7 Thomas Caruso
50%
5 William (D***head) Moffatt
50%
2 Yujiro Kobayashi
50%
11 Connor (Macca) Mckenzie
38%
16 Emma Baars
38%
18 Jarvis Lawson
38%
14 Prabal Pokharel
38%
20 William (Dougie) Douglas
38%
15 Matias Correa Linero
13%
13 Miguel Espinoza Paredes
13%
No matching quizzes found
Score Distribution
Percent of People with Each Score
Percentile by Number Answered
Your Score History
You have not taken this quiz since the last reset